000 00873nam a2200277 i 4500
001 34684
003 BD-RjUL
005 20211209052209.0
008 140518s1976 ohua b 00110 eng d
020 _a0675086264
035 _a(BD-RjUL)34778
040 _aDLC
_cDLC
_dBD-RjUL
_beng
041 _aeng
082 _a370.117
_bSIF 1976
100 1 _aSitaram, K. S.
_9105526
245 1 0 _aFoundations of intercultural communication /
_cK. S. Sitaram, Roy T. Cogdell.
260 _aColumbus, Ohio :
_bC. E. Merrill Pub. Co.,
_cc1976.
300 _ax, 245 p. :
_bill. ;
_c24 cm.
504 _aIncludes bibliographical references and index.
650 0 _aMulticultural education.
_9105527
650 0 _aInteraction analysis in education.
_917690
700 1 0 _aCogdell, Roy T.,
_ejoint author.
_9105528
942 _2ddc
_cBK
999 _c34684
_d34684